theHunter: Call of the Wild Maps - Statistics

General Stats
  • This quiz has been taken 61 times
    37 since last reset
  • The average score is 12 of 15
Answer Stats
Hint Answer % Correct
Australia Emerald Coast Australia
93%
Siberia Medved-Taiga National Park
93%
Pacific Northwest Layton Lake District
90%
Alaska Yukon Valley
90%
Central Europe Hirschfelden Hunting Reserve
83%
Mississippi Mississippi Acres Preserve
79%
New Zealand Te Awaroa National Park
79%
Colorado Silver Ridge Peaks
76%
Southern Africa Vurhonga Savanna
76%
Argentina Parque Fernando
72%
Finland Revontuli Coast
72%
Spain Cuatro Colinas Game Reserve
69%
Mexico Rancho del Arroyo
69%
Nepal Sundarpatan Nepal Hunting Reserve
69%
New Hampshire New England Mountains
62%
No matching quizzes found
Score Distribution
Percent of People with Each Score
Percentile by Number Answered
Your Score History
You have not taken this quiz since the last reset